000 00444nam a2200157Ia 4500
999 _c20635
_d20635
003 OSt
005 20200708142627.0
008 190216s9999||||xx |||||||||||||| ||und||
040 _coclc
082 _a915
_bTIW/G
100 _aTiwari, Shiv Kumar
_93676
245 0 _aGeography Of Asia /
_cShiv Kumar Tiwari
260 _bKedernath Ramnath,
_c1989.
_aMeerut:
300 _a405p
942 _cBK
_2ddc
_h915
_iTIW/G
_k915
_mTIW/G